000 00652nam a2200265Ia 4500
005 20260121170034.0
008 008 260114s9999 xx 000 0 eng d
020 _a9783658125493
037 _aEBOOK
040 _aCRL
040 _beng
040 _cCRL
041 _2eng
041 _aeng
084 _qCRL
100 _aStefan Nanz
_91059067
245 0 _aToroidal Multipole Moments in Classical Electrodynamics
260 _bSpringer
260 _bSpringer
260 _c2016
856 _uhttps://link.springer.com/openurl?genre=book&isbn=978-3-658-12549-3
942 _cEBOOK
999 _c1624796
_d1624796